[Event "LES BETISES DE CAMBRAI - 2024"]
[Site "CAMBRAI, 1 rue du Temple"]
[Date "2024.07.01"]
[Round "5.4"]
[White "Muetsch, Annmarie"]
[Black "Eugene, Floryan"]
[Result "1/2-1/2"]
[WhiteElo "2290"]
[BlackElo "2419"]
[PlyCount "185"]
[EventDate "2024.??.??"]
[WhiteTeam "Vandoeuvre-Echecs"]
[BlackTeam "Echiquier Club Le Mans"]

{[%evp 0,49,19,31,43,3,-11,-18,16,14,92,33,42,30,25,28,8,5,6,0,-23,-34,-5,-13,-4,-13,0,-37,-16,-12,0,-12,-14,-14,14,6,5,0,1,-15,-18,-53,-55,-44,-48,-40,-53,-36,-24,-29,-27,-29]} 1. d4 d5 2. Bg5 h6 3. Bh4 c5 4. e3 Qb6 5. Nc3 e6 6. Rb1 Bd7 7. Nf3 Nc6 8. Bg3 Rc8 9. Be2 cxd4 10. exd4 Nf6 11. O-O Be7 12. Re1 O-O 13. Bf1 Rfd8 14. h3 Be8 15. Bh2 a6 16. a3 Qa7 17. Bd3 b5 18. Ne2 b4 19. axb4 Nxb4 20. c3 Nxd3 21. Qxd3 Bb5 22. Qe3 Ne4 23. Ng3 Nd6 24. Nh5 a5 25. Ne5 Bf8 26. Bf4 Qe7 27. Qg3 Nf5 28. Qg4 Qh4 29. Qxh4 Nxh4 30. g4 Be7 31. Bg3 Be8 32. Nf4 Bf6 33. Nfd3 Ra8 34. Ra1 Rdc8 35. Ra2 Ra7 36. Rea1 Rca8 37. b3 Kh7 38. Nc5 Ng6 39. Nxg6 Kxg6 40. Bd6 Bd8 41. Kg2 Rc8 42. f3 Bb6 43. Bg3 Bb5 44. Be1 Kh7 45. Na4 Bd8 46. Nc5 Kg8 47. Bf2 Kf8 48. f4 Bb6 49. Re1 Bc6 50. Kg1 Rb8 51. Ra3 Rd8 52. Bg3 Bc7 53. Kh2 Bd6 54. f5 e5 55. b4 Bxc5 56. dxc5 f6 57. Rxa5 Rxa5 58. bxa5 Ra8 59. Ra1 Bb5 60. Bf2 Ke7 61. Kg3 Kd7 62. Be3 Kc6 63. Kf3 Ba6 64. Rb1 Bb5 65. Ra1 Bd3 66. Ra2 Ba6 67. Rb2 Bb5 68. Ra2 Kb7 69. Kf2 Ka6 70. Ra1 Rb8 71. Rb1 Kxa5 72. h4 Rh8 73. Ra1+ Ba4 74. Rb1 h5 75. Rb6 Bb5 76. g5 Rf8 77. g6 Bd3 78. Bd2 Ka4 79. Rb4+ Ka3 80. Bc1+ Ka2 81. Rb7 Rg8 82. c6 Bxf5 83. c7 Rc8 84. Be3 Bxg6 85. Bc5 Bf5 86. Ke3 Bd7 87. Bd6 Ra8 88. Kd2 Ra6 89. Bf8 g5 90. Kc1 Bf5 91. Rb2+ Ka1 92. c8=Q Bxc8 93. Rb1+ 1/2-1/2

[Event "LES BETISES DE CAMBRAI - 2024"]
[Site "CAMBRAI, 1 rue du Temple"]
[Date "2024.07.01"]
[Round "5.5"]
[White "Lesueur, Gabriel"]
[Black "Slagboom, Leandro"]
[Result "1/2-1/2"]
[WhiteElo "2240"]
[BlackElo "2325"]
[PlyCount "186"]
[EventDate "2024.??.??"]
[WhiteTeam "Lille Université Club Echiquier du Nord"]

1. e4 e6 2. d4 d5 3. Bd3 c5 4. exd5 exd5 5. Nf3 Nf6 6. O-O c4 7. Be2 Nc6 8. b3 cxb3 9. axb3 Be7 10. Re1 O-O 11. Ne5 Bf5 12. Nxc6 bxc6 13. Ba3 Bxa3 14. Rxa3 Re8 15. Nd2 Ne4 16. Nxe4 Rxe4 17. Bf3 Rxe1+ 18. Qxe1 Qd7 19. Qc3 Re8 20. Ra1 Re7 21. h3 h6 22. Qc5 Kh7 23. c4 Be4 24. Bxe4+ Rxe4 25. cxd5 Qxd5 26. Qxd5 cxd5 27. Rxa7 Rxd4 28. Rxf7 Rd1+ 29. Kh2 d4 30. Kg3 Rd3+ 31. Rf3 Rc3 32. Kf4 d3 33. Ke3 Rxb3 34. Kd2 h5 35. Rxd3 Rb7 36. Ke3 Rf7 37. Rd5 g6 38. f4 Kg7 39. Ke4 Re7+ 40. Re5 Ra7 41. Rd5 Re7+ 42. Kf3 Kf6 43. Rd6+ Kg7 44. Ra6 Re8 45. Ra7+ Kg8 46. g4 hxg4+ 47. hxg4 Re6 48. Kg3 Re4 49. Kf3 Re6 50. Rb7 Re8 51. f5 gxf5 52. gxf5 Ra8 53. Kf4 Kf8 54. Ke5 Ra6 55. Rd7 Rb6 56. Rh7 Ra6 57. Kf4 Rb6 58. Kg5 Ra6 59. Rh8+ Kf7 60. Rb8 Rc6 61. Rb7+ Kf8 62. Rb5 Kg7 63. Re5 Ra6 64. Re6 Ra7 65. Rg6+ Kf7 66. Rh6 Ra1 67. Rh7+ Kg8 68. Re7 Ra6 69. Re6 Ra7 70. Rb6 Kf7 71. Rh6 Ra1 72. Rh7+ Kg8 73. Re7 Ra6 74. Re6 Ra7 75. Kg6 Rg7+ 76. Kf6 Rf7+ 77. Ke5 Ra7 78. Kf6 Rf7+ 79. Kg5 Ra7 80. Rh6 Rb7 81. Kg6 Ra7 82. f6 Rg7+ 83. Kf5 Ra7 84. Rh2 Ra1 85. Re2 Kf7 86. Re7+ Kf8 87. Rc7 Rf1+ 88. Ke6 Re1+ 89. Kd5 Rd1+ 90. Ke4 Re1+ 91. Kd3 Rf1 92. f7 Rxf7 93. Rxf7+ Kxf7 1/2-1/2

[Event "LES BETISES DE CAMBRAI - 2024"]
[Site "CAMBRAI, 1 rue du Temple"]
[Date "2024.07.02"]
[Round "6.1"]
[White "Eugene, Floryan"]
[Black "Dobrikov, Marco"]
[Result "1-0"]
[WhiteElo "2419"]
[BlackElo "2359"]
[PlyCount "76"]
[EventDate "2024.??.??"]
[WhiteTeam "Echiquier Club Le Mans"]

{[%evp 0,76,19,29,46,51,103,56,70,65,58,-13,31,50,76,77,86,73,105,52,63,25,81,66,82,93,33,33,72,9,53,53,51,46,50,188,119,146,146,168,270,277,277,200,256,214,214,218,216,234,234,232,373,369,687,533,533,533,525,491,491,571,491,708,721,491,491,407,407,400,403,406,408,408,435,435,435,419,468]} 1. e4 c5 2. Nf3 d6 3. Bb5+ Nd7 4. O-O a6 5. Bd3 b5 6. c4 bxc4 7. Bxc4 e6 8. d4 Bb7 9. Nc3 Be7 10. Re1 Rc8 11. Qe2 Qb6 12. Na4 Qa5 13. b3 cxd4 14. Bd2 Qd8 15. Nxd4 Bf6 16. Be3 Nc5 17. e5 Bxe5 18. Nxc5 Rxc5 19. Nxe6 fxe6 20. Bxc5 Qh4 21. h3 Qg5 22. g3 Ne7 23. Bxe6 Bxa1 24. Bxd6 Bf6 25. Bc4 h5 26. Qe6 Rf8 27. Re3 h4 28. f4 Qxg3+ 29. Rxg3 hxg3 30. Bc5 Rh8 31. Qd6 Bc8 32. Bb6 Bd7 33. f5 Nc8 34. Bf7+ Kxf7 35. Qxd7+ Ne7 36. Bc5 Rh4 37. Qe6+ Ke8 38. Kg2 Rf4 1-0

[Event "LES BETISES DE CAMBRAI - 2024"]
[Site "CAMBRAI, 1 rue du Temple"]
[Date "2024.07.02"]
[Round "6.2"]
[White "Boyer, Mahel"]
[Black "Muetsch, Annmarie"]
[Result "1-0"]
[WhiteElo "2455"]
[BlackElo "2290"]
[PlyCount "103"]
[EventDate "2024.??.??"]
[WhiteTeam "L'Echiquier du Roy René"]
[BlackTeam "Vandoeuvre-Echecs"]

{[%evp 0,61,19,29,57,54,46,51,87,63,87,51,47,33,35,33,33,34,33,28,32,28,42,34,62,56,60,39,39,-10,9,7,44,25,26,26,55,-1,30,54,51,51,76,77,77,118,120,108,131,146,202,213,239,318,203,366,375,375,375,430,485,643,1009,1114]} 1. e4 c5 2. Nf3 Nc6 3. Bb5 e5 4. d3 Bd6 5. a4 a6 6. Bc4 Nf6 7. Bg5 Be7 8. Nc3 d6 9. Bxf6 Bxf6 10. Nd5 Rb8 11. c3 b5 12. axb5 axb5 13. Ba2 O-O 14. h4 Bg4 15. Ne3 Qd7 16. Bd5 Be6 17. Ng5 Ra8 18. Rb1 Bxd5 19. exd5 Nb8 20. Qh5 h6 21. Ne4 Bd8 22. g4 Ra4 23. Rg1 f6 24. Qg6 c4 25. dxc4 Na6 26. g5 fxg5 27. hxg5 Bxg5 28. Rxg5 hxg5 29. Nxg5 Rf4 30. Qh7+ Kf8 31. Ne6+ Ke8 32. Qg8+ Ke7 33. Qxg7+ Ke8 34. Qg2 Ke7 35. Qg5+ Ke8 36. Qh5+ Ke7 37. Nxf4 exf4 38. Nf5+ Kd8 39. Kf1 f3 40. Qxf3 Rxc4 41. Re1 Qf7 42. Qh3 Qxd5 43. Qh8+ Kc7 44. Qh7+ Kb6 45. Ne3 Qc6 46. Nxc4+ Qxc4+ 47. Re2 Nc5 48. Qh6 Kc6 49. Qh7 Qd3 50. Qe4+ Kb6 51. b4 Qh3+ 52. Kg1 1-0

[Event "LES BETISES DE CAMBRAI - 2024"]
[Site "CAMBRAI, 1 rue du Temple"]
[Date "2024.07.02"]
[Round "6.3"]
[White "Rodriguez, Adrien"]
[Black "Mekhane, Adam"]
[Result "1/2-1/2"]
[WhiteElo "2354"]
[BlackElo "2307"]
[PlyCount "80"]
[EventDate "2024.??.??"]
[WhiteTeam "J.E.E.N."]
[BlackTeam "Tremblay Athletique Club - TAC Echecs"]

{[%evp 0,58,19,31,34,-23,-11,-11,15,33,27,27,27,27,60,44,27,19,11,10,17,22,65,51,51,45,45,24,63,49,59,19,104,100,93,41,41,22,25,14,12,-23,-39,6,-14,-5,-3,-31,25,-6,-57,-57,-35,-37,-24,-24,18,-4,43,51,77]} 1. d4 Nf6 2. c4 e6 3. g3 c5 4. d5 d6 5. Nc3 exd5 6. cxd5 g6 7. Bg2 Bg7 8. Nf3 O-O 9. O-O Re8 10. Bf4 Nh5 11. Bg5 Qb6 12. Qc1 Bg4 13. Re1 Bxf3 14. Bxf3 Nf6 15. a4 a6 16. a5 Qc7 17. h4 h5 18. Ra4 Nbd7 19. Bg2 Rab8 20. Bd2 b5 21. axb6 Qxb6 22. Nd1 Ng4 23. Qc4 Qb5 24. Qa2 Rxe2 25. Bf1 Rxe1 26. Bxe1 Qb3 27. Qxb3 Rxb3 28. Rxa6 Rb6 29. Ra8+ Kh7 30. Ba5 Rb7 31. Ba6 Rb3 32. Rd8 Nge5 33. Bc7 c4 34. Bc8 Bf6 35. Re8 Rxb2 36. Bxd7 Rb7 37. Bxd6 Nxd7 38. Ne3 Nb6 39. Re4 Rd7 40. Be5 Nxd5 1/2-1/2

[Event "LES BETISES DE CAMBRAI - 2024"]
[Site "CAMBRAI, 1 rue du Temple"]
[Date "2024.07.02"]
[Round "6.4"]
[White "Lucas, Arthur"]
[Black "Slagboom, Leandro"]
[Result "1/2-1/2"]
[WhiteElo "2323"]
[BlackElo "2325"]
[PlyCount "54"]
[EventDate "2024.??.??"]
[WhiteTeam "L'Echiquier Châlonnais"]

{[%evp 0,54,19,29,41,41,46,31,60,5,5,25,46,48,47,55,55,55,47,45,47,45,53,53,53,52,58,57,52,35,42,34,38,27,25,15,10,10,30,37,101,46,63,18,24,24,24,0,0,0,0,0,0,0,0,0,0]} 1. e4 e6 2. d4 d5 3. Nc3 Nf6 4. Bg5 h6 5. Bxf6 Qxf6 6. exd5 Bb4 7. Bb5+ Bd7 8. Bxd7+ Nxd7 9. dxe6 Qxe6+ 10. Qe2 Bxc3+ 11. bxc3 Qxe2+ 12. Nxe2 Nb6 13. O-O-O O-O-O 14. Nf4 Rd6 15. Rhe1 Rhd8 16. g3 Nc4 17. Nd3 Ra6 18. Nb2 Nb6 19. Kb1 Rd5 20. Re5 f6 21. Rxd5 Nxd5 22. Rd3 Re6 23. Nd1 Re2 24. Kc1 b5 25. h4 Kd7 26. Rd2 Re1 27. Rd3 Re2 1/2-1/2

[Event "LES BETISES DE CAMBRAI - 2024"]
[Site "CAMBRAI, 1 rue du Temple"]
[Date "2024.07.02"]
[Round "6.5"]
[White "Van Foreest, Machteld"]
[Black "Lesueur, Gabriel"]
[Result "1/2-1/2"]
[WhiteElo "2312"]
[BlackElo "2240"]
[PlyCount "136"]
[EventDate "2024.??.??"]
[BlackTeam "Lille Université Club Echiquier du Nord"]

{[%evp 0,68,16,28,47,16,23,23,6,15,-12,-23,-23,0,0,0,0,0,0,5,7,-10,-17,-16,25,27,9,-1,-7,-13,8,0,-34,-52,23,-42,-57,-71,-11,-66,-77,-76,-68,-104,-93,-106,-139,-150,-161,-171,-54,-76,-55,-71,-72,-83,-76,-72,0,-43,-43,-117,-110,-140,-128,-116,-91,-91,-88,-80,-77]} 1. e4 e6 2. Qe2 Be7 3. d4 d5 4. e5 c5 5. Qg4 Kf8 6. Nf3 cxd4 7. Nxd4 Nc6 8. Nxc6 bxc6 9. Bd3 Ba6 10. O-O Bxd3 11. cxd3 c5 12. Nc3 Rb8 13. a3 h5 14. Qf3 Rb3 15. Qd1 Qb8 16. Re1 g6 17. Na2 a5 18. a4 Nh6 19. Bxh6+ Rxh6 20. Qd2 Kg7 21. Rab1 Qb6 22. Kh1 Rh8 23. f4 Rb8 24. Re2 c4 25. dxc4 dxc4 26. Qc2 Qc6 27. Nc3 Bc5 28. Nb5 Be3 29. Rf1 Qd5 30. h3 Bd4 31. Nc3 Qc6 32. Qd2 Bxc3 33. bxc3 Rb1 34. Rxb1 Rxb1+ 35. Kh2 Qb6 36. f5 exf5 37. Qg5 Rd1 38. Re3 h4 39. Qf4 Rd3 40. Re1 Qd8 41. Qxc4 Rd2 42. Qf4 Qd5 43. Rg1 Re2 44. e6 Rxe6 45. Kh1 Re4 46. Qf3 Qe5 47. Rc1 Rxa4 48. Qf2 Rc4 49. Qd2 a4 50. Qa2 Re4 51. c4 Re1+ 52. Rxe1 Qxe1+ 53. Kh2 Qb4 54. Qa1+ Kg8 55. c5 a3 56. c6 Qb8+ 57. Kh1 Qb2 58. Qe1 Qc2 59. Qe8+ Kg7 60. Qe5+ Kg8 61. Qe8+ Kg7 62. Qe5+ f6 63. Qe7+ Kh6 64. Qxf6 Qc1+ 65. Kh2 Qf4+ 66. Kh1 Qf1+ 67. Kh2 Qf4+ 68. Kh1 Qf1+ 1/2-1/2

[Event "LES BETISES DE CAMBRAI - 2024"]
[Site "CAMBRAI, 1 rue du Temple"]
[Date "2024.07.02"]
[Round "7.1"]
[White "Dobrikov, Marco"]
[Black "Boyer, Mahel"]
[Result "0-1"]
[WhiteElo "2359"]
[BlackElo "2455"]
[PlyCount "32"]
[EventDate "2024.??.??"]
[BlackTeam "L'Echiquier du Roy René"]

{[%evp 0,32,18,19,60,79,93,87,74,56,61,39,39,24,17,1,-8,5,16,25,33,20,20,25,30,18,22,10,10,-54,0,-141,-169,-221,-286]} 1. d4 g6 2. e4 Bg7 3. Nc3 d6 4. Be3 Nf6 5. f3 c6 6. Qd2 b5 7. Bh6 Bxh6 8. Qxh6 Qa5 9. Bd3 b4 10. Nd1 c5 11. e5 dxe5 12. dxe5 c4 13. exf6 cxd3 14. Qe3 O-O 15. fxe7 Re8 16. Qe4 Qc5 0-1

[Event "LES BETISES DE CAMBRAI - 2024"]
[Site "CAMBRAI, 1 rue du Temple"]
[Date "2024.07.02"]
[Round "7.2"]
[White "Muetsch, Annmarie"]
[Black "Rodriguez, Adrien"]
[Result "1/2-1/2"]
[WhiteElo "2290"]
[BlackElo "2354"]
[PlyCount "159"]
[EventDate "2024.??.??"]
[WhiteTeam "Vandoeuvre-Echecs"]
[BlackTeam "J.E.E.N."]

1. d3 e6 2. e4 c5 3. Nd2 Nc6 4. Ngf3 d5 5. g3 Nf6 6. Bg2 Be7 7. O-O Qc7 8. Re1 h6 9. c3 b6 10. Nf1 dxe4 11. dxe4 Bb7 12. e5 Nd7 13. Qe2 g5 14. h3 O-O-O 15. Bd2 Bf8 16. c4 Bg7 17. Bc3 Nf8 18. a3 Ng6 19. b4 Nd4 20. Bxd4 cxd4 21. N1d2 Kb8 22. Rac1 d3 23. Qe3 Ne7 24. Nd4 Bxg2 25. Kxg2 Qd7 26. N4f3 Nf5 27. Qe4 Qb7 28. c5 Qxe4 29. Rxe4 Rd5 30. cxb6 axb6 31. g4 Ne7 32. Nc4 Nc8 33. h4 gxh4 34. Nd4 Kb7 35. f4 Rhd8 36. Nf3 d2 37. Rd1 h3+ 38. Kxh3 Ka6 39. Kg2 Rd3 40. a4 b5 41. axb5+ Kxb5 42. Rxd2 Rxd2+ 43. Ncxd2 Bf8 44. Nd4+ Ka6 45. b5+ Kb7 46. N2b3 Kb6 47. f5 exf5 48. gxf5 Na7 49. e6 Re8 50. Re5 fxe6 51. fxe6 Bg7 52. Rd5 Nc8 53. Kf3 Bf6 54. Ke4 Rg8 55. Rd7 Rg5 56. Nf5 Rg4+ 57. Kf3 Rb4 58. Nbd4 h5 59. Ke4 h4 60. e7 Rxd4+ 61. Rxd4 Bxe7 62. Nxe7 Nxe7 63. Rd7 Nc8 64. Rd5 Na7 65. Rh5 Nxb5 66. Rxh4 Kc5 67. Kd3 Nd6 68. Rh5+ Kc6 69. Kd4 Nb5+ 70. Ke4 Nd6+ 71. Ke5 Nb5 72. Rh2 Na3 73. Rg2 Nc4+ 74. Ke4 Nb6 75. Rh2 Nd7 76. Rh6+ Kb5 77. Rg6 Nb6 78. Rd6 Na4 79. Rd5+ Kc6 80. Re5 1/2-1/2

[Event "LES BETISES DE CAMBRAI - 2024"]
[Site "CAMBRAI, 1 rue du Temple"]
[Date "2024.07.02"]
[Round "7.3"]
[White "Lesueur, Gabriel"]
[Black "Eugene, Floryan"]
[Result "0-1"]
[WhiteElo "2240"]
[BlackElo "2419"]
[PlyCount "64"]
[EventDate "2024.??.??"]
[WhiteTeam "Lille Université Club Echiquier du Nord"]
[BlackTeam "Echiquier Club Le Mans"]

{[%evp 0,45,30,39,43,38,38,48,41,37,55,41,40,27,70,48,66,38,32,46,24,16,33,35,54,34,44,33,37,32,47,10,19,17,19,-16,-16,-16,-30,-32,-48,-53,-59,-96,-84,-110,-96,-96]} 1. e4 c5 2. Nf3 Nc6 3. Nc3 Nf6 4. d4 cxd4 5. Nxd4 d6 6. Bg5 e6 7. Qd2 a6 8. O-O-O Bd7 9. f4 Be7 10. Be2 Qc7 11. Kb1 Rc8 12. Bxf6 gxf6 13. f5 Nxd4 14. Qxd4 Qc5 15. Bh5 Qxd4 16. Rxd4 Kf8 17. fxe6 fxe6 18. e5 Rc5 19. exf6 Rxh5 20. fxe7+ Kxe7 21. Ne4 Bc6 22. Ng3 Bxg2 23. Rg1 Re5 24. c4 Bc6 25. Rh4 h5 26. Kc2 Rf8 27. Rxh5 Rf2+ 28. Kc1 Rxh5 29. Nxh5 Rxh2 30. Nf4 Be4 31. Re1 Rc2+ 32. Kd1 Rxc4 0-1

[Event "LES BETISES DE CAMBRAI - 2024"]
[Site "CAMBRAI, 1 rue du Temple"]
[Date "2024.07.02"]
[Round "7.5"]
[White "Mekhane, Adam"]
[Black "Lucas, Arthur"]
[Result "1-0"]
[WhiteElo "2307"]
[BlackElo "2323"]
[PlyCount "45"]
[EventDate "2024.??.??"]
[WhiteTeam "Tremblay Athletique Club - TAC Echecs"]
[BlackTeam "L'Echiquier Châlonnais"]

{[%evp 0,45,18,25,41,51,86,70,70,37,57,33,96,80,70,65,84,65,62,36,58,24,22,29,34,6,26,23,16,15,39,44,126,126,126,126,126,126,126,119,148,148,156,332,304,340,472,446]} 1. e4 c5 2. Nf3 d6 3. d4 cxd4 4. Nxd4 Nf6 5. Nc3 g6 6. Be3 Nc6 7. f3 h5 8. Bc4 Bd7 9. Qd2 Bg7 10. O-O-O Ne5 11. Bb3 Rc8 12. h3 Nc4 13. Bxc4 Rxc4 14. g4 Qa5 15. Nb3 Qa6 16. e5 Nh7 17. exd6 Bxc3 18. bxc3 Qa3+ 19. Kb1 Ra4 20. Bc5 Qxa2+ 21. Kc1 e6 22. Qh6 b6 23. Kd2 1-0

[Event "LES BETISES DE CAMBRAI - 2024"]
[Site "CAMBRAI, 1 rue du Temple"]
[Date "2024.07.03"]
[Round "8.1"]
[Board "1"]
[White "Boyer, Mahel"]
[Black "Lesueur, Gabriel"]
[Result "1-0"]
[WhiteElo "2455"]
[BlackElo "2240"]
[PlyCount "95"]
[EventDate "2024.??.??"]
[WhiteTeam "L'Echiquier du Roy René"]
[BlackTeam "Lille Université Club Echiquier du Nord"]

1. Nf3 Nf6 2. e3 g6 3. d4 Bg7 4. c4 O-O 5. Nc3 d6 6. Be2 Nc6 7. d5 Nb4 8. O-O e6 9. e4 Re8 10. h3 exd5 11. exd5 a5 12. Bg5 Bd7 13. Qd2 a4 14. Rae1 a3 15. b3 c6 16. dxc6 Bxc6 17. Nd4 d5 18. cxd5 Bxd5 19. Nxd5 Nbxd5 20. Bf3 Qb6 21. Bxd5 Nxd5 22. Nf5 gxf5 23. Qxd5 h6 24. Bc1 Rxe1 25. Rxe1 Qa5 26. Re8+ Kh7 27. Qxa5 Rxa5 28. Re7 Kg6 29. Rxb7 Bb2 30. Bf4 Rc5 31. b4 Rc2 32. Rc7 Re2 33. Kf1 Re4 34. Bd2 Re6 35. b5 f6 36. Be3 f4 37. Bxf4 Re4 38. Bd2 Re5 39. b6 Rb5 40. b7 Be5 41. Re7 Rb2 42. Be3 Bb8 43. Bd4 Rb4 44. Bc3 Rb1+ 45. Ke2 Rb2+ 46. Kd3 Rxa2 47. Re8 Bd6 48. Bd4 1-0

[Event "LES BETISES DE CAMBRAI - 2024"]
[Site "CAMBRAI, 1 rue du Temple"]
[Date "2024.07.03"]
[Round "8.2"]
[Board "2"]
[White "Rodriguez, Adrien"]
[Black "Dobrikov, Marco"]
[Result "1-0"]
[WhiteElo "2354"]
[BlackElo "2359"]
[PlyCount "85"]
[EventDate "2024.??.??"]
[WhiteTeam "J.E.E.N."]

1. d4 Nf6 2. c4 c6 3. Nf3 d5 4. Nc3 e6 5. Bg5 h6 6. Bh4 Nbd7 7. e3 Be7 8. Qc2 O-O 9. Rd1 a6 10. a3 b5 11. c5 Nh5 12. Bxe7 Qxe7 13. Be2 Nhf6 14. e4 a5 15. b4 axb4 16. axb4 dxe4 17. Nxe4 Nd5 18. Qd2 Ra4 19. Rb1 e5 20. O-O f5 21. Nc3 Nxc3 22. Qxc3 e4 23. Ne5 Nxe5 24. dxe5 Be6 25. Rfd1 Ra2 26. Bf1 f4 27. Rd6 f3 28. g3 Bd5 29. Qd4 Qb7 30. e6 Qe7 31. Bxb5 e3 32. Qxe3 cxb5 33. Rxd5 Re2 34. Rd7 Qf6 35. Qb3 Kh7 36. Rf7 Rxf7 37. exf7 Qf5 38. Rd1 Kg6 39. h3 Re7 40. Qb1 Rxf7 41. Rd6+ Kh7 42. Qxf5+ Rxf5 43. Rb6 1-0

[Event "LES BETISES DE CAMBRAI - 2024"]
[Site "CAMBRAI, 1 rue du Temple"]
[Date "2024.07.03"]
[Round "8.3"]
[Board "3"]
[White "Eugene, Floryan"]
[Black "Slagboom, Leandro"]
[Result "1-0"]
[WhiteElo "2419"]
[BlackElo "2325"]
[PlyCount "57"]
[EventDate "2024.??.??"]
[WhiteTeam "Echiquier Club Le Mans"]

1. e4 e5 2. Nf3 Nc6 3. Bc4 Nf6 4. d3 Bc5 5. a4 a5 6. Be3 Bxe3 7. fxe3 O-O 8. Nc3 d6 9. Qe2 Nb4 10. O-O-O c6 11. Rhf1 b5 12. Bb3 bxa4 13. Nxa4 Rb8 14. Qe1 Ba6 15. Qc3 Ng4 16. Kd2 d5 17. Nc5 Qd6 18. h3 d4 19. Nxd4 exd4 20. Qxd4 Qg3 21. hxg4 Qxg2+ 22. Kc1 a4 23. Nxa4 Nxd3+ 24. cxd3 Rxb3 25. Nc5 Bxd3 26. Nxd3 Ra8 27. Kb1 Rbb8 28. Rf2 Qxg4 29. Nc5 1-0

[Event "LES BETISES DE CAMBRAI - 2024"]
[Site "CAMBRAI, 1 rue du Temple"]
[Date "2024.07.03"]
[Round "8.4"]
[Board "4"]
[White "Mekhane, Adam"]
[Black "Muetsch, Annmarie"]
[Result "0-1"]
[WhiteElo "2307"]
[BlackElo "2290"]
[PlyCount "108"]
[EventDate "2024.??.??"]
[WhiteTeam "Tremblay Athletique Club - TAC Echecs"]
[BlackTeam "Vandoeuvre-Echecs"]

1. e4 d6 2. d4 Nf6 3. Bd3 e5 4. c3 d5 5. dxe5 Nxe4 6. Nf3 Nc6 7. Nbd2 Nc5 8. Nb3 Nxd3+ 9. Qxd3 Be7 10. O-O O-O 11. Nbd4 Nxd4 12. Nxd4 f6 13. f4 fxe5 14. fxe5 Rxf1+ 15. Qxf1 c5 16. Nf5 Bf8 17. Be3 Qd7 18. Ng3 b6 19. Qf4 Qg4 20. Qf3 Be6 21. Ne2 Re8 22. Rd1 g5 23. Ng3 Qxf3 24. gxf3 h6 25. Nh5 Be7 26. Kg2 Kf7 27. a3 Kg6 28. Ng3 Rf8 29. b4 d4 30. cxd4 Bd5 31. Rf1 cxb4 32. axb4 g4 33. Kg1 gxf3 34. Ra1 Rf7 35. Rxa7 Bg5 36. Ra3 Ra7 37. Rxa7 Bxe3+ 38. Kf1 Bc4+ 39. Ke1 f2+ 40. Kd1 Bf4 41. Ra3 Bxg3 42. Rxg3+ Kh7 43. Rf3 f1=Q+ 44. Rxf1 Bxf1 45. d5 Bc4 46. d6 Be6 47. Kd2 Kg6 48. Ke3 Kf5 49. Kd4 Kf4 50. d7 Bxd7 51. Kd5 Kf5 52. Kd6 Be6 53. Kc6 Kxe5 54. Kxb6 h5 0-1

[Event "LES BETISES DE CAMBRAI - 2024"]
[Site "CAMBRAI, 1 rue du Temple"]
[Date "2024.07.03"]
[Round "8.5"]
[Board "5"]
[White "Lucas, Arthur"]
[Black "Van Foreest, Machteld"]
[Result "1-0"]
[WhiteElo "2323"]
[BlackElo "2312"]
[PlyCount "71"]
[EventDate "2024.??.??"]
[WhiteTeam "L'Echiquier Châlonnais"]

1. e4 e5 2. Nf3 Nc6 3. d4 exd4 4. Nxd4 Nf6 5. Nxc6 bxc6 6. e5 Qe7 7. Qe2 Nd5 8. g3 g6 9. c4 Ba6 10. b3 Bg7 11. Bb2 O-O 12. Bg2 Rae8 13. O-O Bxe5 14. Qxe5 Qxe5 15. Bxe5 Rxe5 16. cxd5 Bxf1 17. Kxf1 cxd5 18. Na3 c6 19. Rd1 Rfe8 20. Bf3 R8e6 21. Nc2 Rf6 22. Bg4 Re7 23. Kg2 h5 24. Bf3 Re5 25. Ne3 Rfe6 26. Rd4 Re7 27. Ra4 d6 28. Ra6 Rc7 29. Nc2 Re8 30. Nd4 Rec8 31. b4 c5 32. Nb5 Rc6 33. Rxa7 Rb6 34. Nc3 Rbb8 35. Bxd5 Rf8 36. b5 1-0

[Event "LES BETISES DE CAMBRAI - 2024"]
[Site "CAMBRAI, 1 rue du Temple"]
[Date "2024.07.03"]
[Round "9.1"]
[Board "1"]
[White "Slagboom, Leandro"]
[Black "Boyer, Mahel"]
[Result "0-1"]
[WhiteElo "2325"]
[BlackElo "2455"]
[PlyCount "146"]
[EventDate "2024.??.??"]
[BlackTeam "L'Echiquier du Roy René"]

1. e4 g6 2. d4 Bg7 3. Nf3 d6 4. Be2 Nf6 5. Nc3 O-O 6. O-O a6 7. a4 Nc6 8. a5 e5 9. d5 Na7 10. Nd2 Bd7 11. Na4 Nb5 12. b4 Rb8 13. Bd3 Nh5 14. Re1 Nf4 15. Bf1 f5 16. c4 Nd4 17. Nc3 Qh4 18. Ra3 Rf7 19. exf5 gxf5 20. Nf3 Qg4 21. Bxf4 Nxf3+ 22. Qxf3 Qxf3 23. gxf3 exf4 24. Rb1 Be5 25. b5 Rg7+ 26. Kh1 Kf7 27. Ne2 Rbg8 28. bxa6 bxa6 29. Rb7 Kf6 30. h3 Be8 31. Kh2 Bd7 32. Kh1 Bc8 33. Rb1 Kg5 34. Kh2 Kh4 35. Rab3 Bd7 36. Rb8 Ba4 37. Rxg8 Rxg8 38. Nc1 Bd1 39. Be2 Bc2 40. Rb7 Rg7 41. Bd3 Bd1 42. Be2 Ba4 43. c5 dxc5 44. Bxa6 Rg8 45. Be2 Bd4 46. a6 Bxf2 47. a7 Ra8 48. Rxc7 Be3 49. Nd3 Bb5 50. d6 c4 51. Ne5 Bxa7 52. Bxc4 Bxc4 53. Nxc4 h5 54. d7 Bd4 55. Nd2 Rd8 56. Nb3 Be3 57. Rb7 Ra8 58. Kg2 Rg8+ 59. Kh2 Bg1+ 60. Kh1 Be3 61. Kh2 Bg1+ 62. Kh1 Kxh3 63. d8=Q Rxd8 64. Kxg1 Kg3 65. Rg7+ Kxf3 66. Nc5 Rd6 67. Rg2 h4 68. Kh2 Ke3 69. Kh3 f3 70. Ra2 f2 71. Ra1 Ke2 72. Kxh4 Rd1 73. Ra2+ Ke3 0-1

[Event "LES BETISES DE CAMBRAI - 2024"]
[Site "CAMBRAI, 1 rue du Temple"]
[Date "2024.07.03"]
[Round "9.2"]
[Board "2"]
[White "Van Foreest, Machteld"]
[Black "Eugene, Floryan"]
[Result "1/2-1/2"]
[WhiteElo "2312"]
[BlackElo "2419"]
[PlyCount "81"]
[EventDate "2024.??.??"]
[BlackTeam "Echiquier Club Le Mans"]

1. e4 c5 2. Nf3 Nc6 3. c3 Nf6 4. e5 Nd5 5. Bc4 Nb6 6. Bb3 c4 7. Bc2 d5 8. exd6 Qxd6 9. O-O Bg4 10. Qe2 Qe6 11. Qxe6 Bxe6 12. d4 Bd5 13. Nbd2 e6 14. Re1 Be7 15. Nf1 Bxf3 16. gxf3 Bd6 17. f4 Kd7 18. Ng3 f5 19. Bd2 Nd5 20. Rad1 a6 21. Nf1 Bxf4 22. Bxf4 Nxf4 23. Ne3 b5 24. d5 Ne5 25. dxe6+ Kxe6 26. Nxf5 Nfd3 27. Bxd3 cxd3 28. Nd4+ Kf6 29. f4 Ng6 30. Re6+ Kf7 31. f5 Ne7 32. Re3 Rhd8 33. Rexd3 Rd5 34. Rf1 Kf6 35. Rdf3 b4 36. Ne6 Rb8 37. c4 Ra5 38. Nf4 Kf7 39. Nd3 Nc6 40. Re3 Rd8 41. Re6 1/2-1/2

[Event "LES BETISES DE CAMBRAI - 2024"]
[Site "CAMBRAI, 1 rue du Temple"]
[Date "2024.07.03"]
[Round "9.3"]
[Board "3"]
[White "Lesueur, Gabriel"]
[Black "Rodriguez, Adrien"]
[Result "1/2-1/2"]
[WhiteElo "2240"]
[BlackElo "2354"]
[PlyCount "22"]
[EventDate "2024.??.??"]
[WhiteTeam "Lille Université Club Echiquier du Nord"]
[BlackTeam "J.E.E.N."]

1. e4 c5 2. Nf3 e6 3. d4 cxd4 4. Nxd4 a6 5. Nc3 b5 6. e5 Bb7 7. Bd3 Ne7 8. O-O Nbc6 9. Nxc6 Nxc6 10. Qh5 g6 11. Qe2 Qh4 1/2-1/2

[Event "LES BETISES DE CAMBRAI - 2024"]
[Site "CAMBRAI, 1 rue du Temple"]
[Date "2024.07.03"]
[Round "9.4"]
[Board "4"]
[White "Dobrikov, Marco"]
[Black "Mekhane, Adam"]
[Result "0-1"]
[WhiteElo "2359"]
[BlackElo "2307"]
[PlyCount "62"]
[EventDate "2024.??.??"]
[BlackTeam "Tremblay Athletique Club - TAC Echecs"]

1. b3 e5 2. Bb2 Nc6 3. e3 d5 4. Bb5 Nge7 5. Bxe5 a6 6. Bxc6+ Nxc6 7. Bg3 h5 8. h4 Bd6 9. Ne2 d4 10. Bxd6 Qxd6 11. Nxd4 Nxd4 12. exd4 Bg4 13. f3 Rh6 14. Nc3 Re6+ 15. Kf1 Qxd4 16. Ne2 Qf6 17. Ng1 O-O-O 18. d3 Rde8 19. Rb1 Qf4 20. Nh3 Bxh3 21. Rxh3 Re3 22. a4 Qe5 23. f4 Qxf4+ 24. Rf3 Qxh4 25. Rxe3 Rxe3 26. Kg1 Qd4 27. Kh1 Qd5 28. Kg1 Qd4 29. Kh1 g6 30. Qf1 f5 31. Re1 Qh4+ 0-1